000 00322nam a2200133 4500
005 20260530115311.0
100 1 _aSohichiro Uonari
_932751
245 1 0 _aShop Desiging
264 1 _bRotovision
_c2000
300 _a215 páginas
336 _atexto
_2rdacontent
337 _asin medio
_2rdamedia
338 _avolumen
_2rdacarrier
999 _c13333
_d13333